00626nam a2200217Ia 4500008004100000020002200041050001400063050001400077100001800091245002700109245005500136245002600191260002500217260002500242260000900267300001500276300002800291300001100319650003300330650004500363180628s9999 xx 000 0 und d a978-1-4262-1690-9 aREF E 158 b.Y64 2017 aYogerst, Joe. 0a50 states 5000 ideas : 0bwhere to go, when to go, what to see, what to do / 0ctext by Joe Yogerst / aWashington, D. C. :  bNational Geographic, c2017 a287 pages: bcolored illustrations ; c23 cm. aUnited States -- Guidebooks. xUnited States -- Description and travel.